[Event "Maestro Open"]
[Site "Berdsk RUS"]
[Date "2008.07.10"]
[Round "3"]
[White "Dolgov,Alexa3"]
[Black "Degterev,A"]
[Result "0-1"]
[WhiteElo "2043"]
[BlackElo "2333"]

1.e4 c5 2.Nc3 Nc6 3.Bb5 Nd4 4.Bc4 g6 5.Nge2 Bg7 6.O-O a6 7.a4 e6 8.Nxd4 cxd4
9.Ne2 Ne7 10.d3 d5 11.Bb3 dxe4 12.dxe4 Nc6 13.f4 Qb6 14.Kh1 Bd7 15.e5 O-O-O
16.Rf3 g5 17.Rd3 gxf4 18.Bxf4 Bxe5 19.Bxe5 Nxe5 20.Rxd4 Bc6 21.a5 Qc7 22.Qg1 Nf3
23.Rxd8+ Rxd8  0-1

[Event "7th Open"]
[Site "La Fere FRA"]
[Date "2008.07.10"]
[Round "7"]
[White "Marholev,D"]
[Black "Pijpers,A"]
[Result "1-0"]
[WhiteElo "2366"]
[BlackElo "2150"]

1.e4 c5 2.Nc3 Nc6 3.Bb5 Nd4 4.Bc4 e6 5.Nge2 Nf6 6.O-O a6 7.a4 Rb8 8.d3 b5
9.Ba2 b4 10.Nb1 Nc6 11.Bf4 d6 12.Nd2 e5 13.Bg5 Be6 14.Nc4 Be7 15.f4 Ng4 16.Bxe7 Qxe7
17.Qd2 Nd4 18.h3 Nf6 19.Nxd4 cxd4 20.fxe5 dxe5 21.Qg5 Bxc4 22.Bxc4 O-O 23.Rf5 Rfe8
24.Bxa6 h6 25.Qg3 b3 26.Bb5 bxc2 27.Rc1 Rec8 28.Qxe5 Qb4 29.Rf2 Rb6 30.Qf4 Qxb2
31.Qd2 Rc5 32.Rxc2 Qb1+ 33.Kh2 Rh5 34.Qf4 Qd1 35.Rc8+ Kh7 36.Rf3 Qe1 37.Rc1 Qe2
38.Rcf1 Qb2 39.R3f2 Qb4 40.e5 Ng8 41.Qe4+ Rg6 42.Be8 Nf6 43.Rxf6 gxf6 44.Bxf7  1-0

[Event "XVII Burgas Open"]
[Site "Ourense ESP"]
[Date "2008.07.10"]
[Round "8"]
[White "Galan Martin,P"]
[Black "Gomez Dominguez,X"]
[Result "1/2-1/2"]
[WhiteElo "2114"]
[BlackElo "1977"]

1.e4 c5 2.Nf3 Nc6 3.Nc3 g6 4.d4 cxd4 5.Nxd4 Bg7 6.Be3 Nf6 7.Bc4 O-O 8.Bb3 d6
9.f3 a5 10.Qd2 Bd7 11.a4 Nb4 12.O-O Bc6 13.Rad1 Rc8 14.Kh1 Nd7 15.Bh6 Nc5
16.Bxg7 Kxg7 17.Nxc6 Rxc6 18.Bd5 Rc8 19.f4 Qd7 20.f5 f6 21.Rf3 e6 22.Bxe6 Nxe6
23.fxe6 Qxe6 24.Qxd6 Qxd6 25.Rxd6 Nxc2 26.Rd7+ Rf7 27.Rxf7+ Kxf7 28.Rh3 h5
29.Rd3 Ke6 30.Kg1 Nb4 31.Rd2 Rc7 32.Kf2 Rd7 33.Rxd7 Kxd7 34.Ke3 Nc2+ 35.Kd2 Nb4
36.Ke3  1/2-1/2

[Event "5th Sth Wales Int"]
[Site "Trefforst WLS"]
[Date "2008.07.10"]
[Round "9"]
[White "Wells,P"]
[Black "Bennett,P"]
[Result "1-0"]
[WhiteElo "2526"]
[BlackElo "2120"]

1.e4 c5 2.Nc3 Nc6 3.Bb5 Nd4 4.Bc4 g6 5.Nf3 Bg7 6.Nxd4 cxd4 7.Qf3 e6 8.Nb5 d6
9.Qg3 Be5 10.f4 Bf6 11.O-O a6 12.e5 axb5 13.Bxb5+ Bd7 14.Bxd7+ Qxd7 15.exf6 Qc6
16.Qd3 Qb6 17.b3 Ra5 18.Bb2 Rd5 19.Kh1 Nh6 20.Rae1 Kd7 21.Qh3 Rh5 22.Qf3 Rc8
23.c4 Ra5 24.a3 Rh5 25.d3 d5 26.Rc1 Qxb3 27.Bxd4 Nf5 28.Bf2 Nh4 29.Bxh4 Rxh4
30.Rb1 Qxa3 31.cxd5 Rc7 32.dxe6+ Kxe6 33.Qe4+ Kd7 34.Rfe1 Qf8 35.Rxb7 Kc8
36.Rxc7+ Kxc7 37.Qe7+  1-0

[Event "Maestro Open"]
[Site "Berdsk RUS"]
[Date "2008.07.11"]
[Round "4"]
[White "Veretennikova,D"]
[Black "Pushilin,A"]
[Result "0-1"]
[WhiteElo "2002"]
[BlackElo "2169"]

1.e4 c5 2.Nc3 Nc6 3.Bb5 Nd4 4.Bc4 e6 5.Nf3 Nxf3+ 6.Qxf3 d6 7.d3 a6 8.a4 b6
9.O-O Bb7 10.Qg3 Qd7 11.f4 d5 12.Bb3 f5 13.exd5 exd5 14.Re1+ Ne7 15.d4 c4
16.Ba2 O-O-O 17.b3 b5 18.axb5 axb5 19.Nb1 Nc6 20.c3 Bd6 21.Nd2 g5 22.Qxg5 Rhg8
23.Qh5 Qg7 24.Qxf5+ Kb8 25.g3 Nxd4 26.cxd4 Qxd4+ 27.Kf1 Qxa1 28.Bb1 Qc3 29.Qc2 Bb4
30.Qxc3 Bxc3 31.Re2 Bxd2 32.Bxd2 d4 33.bxc4 bxc4 34.Ba2 Rc8 35.Bb4 Rgd8 36.Rc2 d3
37.Rxc4 d2 38.Rxc8+ Bxc8 39.Bb3 d1=Q+ 40.Bxd1 Rxd1+ 41.Kf2 Rd3 42.Kg2 Kb7
43.h3 Rb3 44.Bc5 Rb2+ 45.Bf2 Bxh3+ 46.Kxh3 Rxf2 47.Kh4 Kc6 48.Kg5 Kd5 49.g4 Ke4
50.f5 Ke5 51.Kh6 Rg2 52.Kg5 h6+ 53.Kh5 Kf6 54.Kh4 h5  0-1

[Event "ch-BEL"]
[Site "Eupen BEL"]
[Date "2008.07.11"]
[Round "7"]
[White "Meessen,R"]
[Black "Vandevoort,P"]
[Result "0-1"]
[WhiteElo "2287"]
[BlackElo "2409"]

1.e4 c5 2.Nc3 Nc6 3.Bb5 Nd4 4.Bc4 e6 5.Nf3 Nf6 6.O-O a6 7.d3 b5 8.Bb3 Nxb3
9.axb3 Bb7 10.e5 Nd5 11.Ne4 f5 12.exf6 Nxf6 13.Nfg5 Be7 14.Qf3 Qb6 15.Qh3 Nxe4
16.dxe4 Qd6 17.Re1 Qe5 18.c3 Qf6 19.Nf3 Qg6 20.Ne5 Qf6 21.Nf3 O-O 22.Bg5 Qf7
23.Qh4 Bxg5 24.Nxg5 Qg6 25.Rad1 h6 26.Nf3 Rxf3  0-1

[Event "XVII Burgas Open"]
[Site "Ourense ESP"]
[Date "2008.07.11"]
[Round "9"]
[White "Eyo Castro Rial,A"]
[Black "Villar Perez,S"]
[Result "1-0"]
[WhiteElo "2192"]
[BlackElo "1937"]

1.e4 c5 2.Nc3 Nc6 3.Nge2 e5 4.Nd5 Nge7 5.Nec3 Nxd5 6.Nxd5 Ne7 7.Bc4 d6 8.O-O Ng6
9.c3 Be6 10.Qa4+ Bd7 11.Qb3 Bc6 12.d3 Be7 13.f4 Qd7 14.f5 b5 15.fxg6 bxc4
16.gxf7+ Kd8 17.dxc4 Bxd5 18.cxd5 Bf6 19.Bg5 Qxf7 20.Rf5 Qe7 21.Bxf6 gxf6
22.Raf1 Rf8 23.Qb5 Rc8 24.R1f2 c4 25.Qa4 Rf7 26.Qd1 Qf8 27.Qc1 Ke7 28.Qe3 Rc7
29.b4 Qb8 30.Qh6 Qf8 31.Qxf8+ Rxf8 32.a4 Rf7 33.Kf1 Rc8 34.g4 Rg8 35.h3 h6
36.Ke1 Rg6 37.b5 Rg5 38.Kd1 a6 39.Rxg5 hxg5 40.bxa6 Kd8 41.Rb2 Ra7 42.Rb6 Kc7
43.Rc6+ Kd7 44.a5 Rc7 45.Rxc7+ Kxc7 46.Kc2 Kb8 47.Kb2 Ka8 48.Ka3 Ka7 49.Ka4  1-0

[Event "1st IRT 54th Aniv Martelli"]
[Site "Villa Martelli ARG"]
[Date "2008.07.11"]
[Round "4"]
[White "Amed,S"]
[Black "Aguinaga,M"]
[Result "0-1"]
[WhiteElo "2099"]
[BlackElo "1969"]

1.e4 c5 2.Nf3 Nc6 3.Nc3 e5 4.Bc4 d6 5.d3 Be7 6.Nd2 Nf6 7.Nf1 a6 8.a4 Be6
9.Ne3 O-O 10.O-O Na5 11.Ba2 Rb8 12.Ncd5 Nc6 13.f4 b5 14.axb5 axb5 15.Bd2 Re8
16.Kh1 c4 17.Nxf6+ Bxf6 18.f5 Bc8 19.dxc4 b4 20.Nd5 Bg5 21.Bb3 Nd4 22.Ba4 Rf8
23.Bxg5 Qxg5 24.c3 bxc3 25.bxc3 Rb2 26.Ne3 Qxe3 27.cxd4 Qxe4 28.Qf3 Bxf5
29.dxe5 dxe5 30.Rae1 Qxf3 31.Rxf3 Be4 32.Rg3 Ra8 33.Bd1 Ra1 34.h3 Rbb1  0-1

[Event "Maestro Open"]
[Site "Berdsk RUS"]
[Date "2008.07.12"]
[Round "5"]
[White "Dolgov,Alexa3"]
[Black "Glukhov,M"]
[Result "1-0"]
[WhiteElo "2043"]
[BlackElo "2237"]

1.e4 c5 2.Nc3 Nc6 3.Bb5 g6 4.Bxc6 bxc6 5.d3 Bg7 6.Nge2 d6 7.O-O h5 8.f4 Nh6
9.h3 e6 10.Be3 Qe7 11.Qd2 d5 12.d4 Ba6 13.Rfe1 Rb8 14.f5 gxf5 15.exd5 cxd5
16.Nf4 Kf8 17.Nxh5 Qh4 18.Nxg7 Kxg7 19.dxc5 Kh7 20.Qd4 Qxd4 21.Bxd4 Rhg8
22.Rab1 Rg6 23.b4 Bc4 24.b5 Rbg8 25.c6 Rxg2+ 26.Kh1 f4 27.Rg1 f3 28.Rxg2 fxg2+
29.Kg1 Nf5 30.Bxa7 Nh4 31.Kf2 d4 32.b6 dxc3 33.b7 Bd5 34.b8=Q Rxb8 35.Rxb8 Bxc6
36.Rc8 Bd5 37.a4 f5 38.Kg3 Ng6  1-0

[Event "60th ch-MNE"]
[Site "Cetinje MNE"]
[Date "2008.07.12"]
[Round "6"]
[White "Nikac,P"]
[Black "Nikcevic,N"]
[Result "1-0"]
[WhiteElo "2357"]
[BlackElo "2401"]

1.e4 c5 2.Nc3 Nc6 3.Nge2 g6 4.g3 Bg7 5.Bg2 d6 6.O-O Rb8 7.f4 b5 8.h3 b4 9.Nd5 Bb7
10.f5 e6 11.fxe6 fxe6 12.Ndf4 Qe7 13.c3 Nf6 14.d4 O-O 15.d5 Nd8 16.cxb4 cxb4
17.Nxe6 Nxe6 18.dxe6 Nxe4 19.Rxf8+ Rxf8 20.Bf4 Qxe6 21.Qb3 Bd5 22.Qxb4 g5
23.Rd1 gxf4 24.Nxf4 Rxf4 25.gxf4 a5 26.Qxa5 Bc4 27.Qa8+ Kf7 28.Qxe4 Bxa2
29.b4 Bb3 30.Rd2 d5 31.Qxe6+ Kxe6 32.b5 Bc3 33.Rd3 d4 34.b6 Kd6 35.b7 Kc7
36.Rg3 Bc4 37.Rg7+ Kb8 38.Rd7 Ba5 39.Rxh7  1-0

[Event "19th Czech Oce Open"]
[Site "Pardubice CZE"]
[Date "2008.07.12"]
[Round "4"]
[White "Vaculik,M"]
[Black "Zavgorodniy,S"]
[Result "1/2-1/2"]
[WhiteElo "2274"]
[BlackElo "2410"]

1.e4 c5 2.Nf3 Nc6 3.Nc3 g6 4.d4 cxd4 5.Nxd4 Bg7 6.Nb3 Nf6 7.Be2 O-O 8.O-O d6
9.Re1 a5 10.a4 Be6 11.Bf1 Rc8 12.Nd5 Bxd5 13.exd5 Nb4 14.c4 Nd7 15.Bg5 Re8
16.Qd2 Nc5 17.Ra3 Nxb3 18.Rxb3 Qd7 19.Rbe3 Bf6 20.Bf4 Qxa4 21.Ra3 Qc2 22.Rxa5 Qxd2
23.Bxd2 Nc2 24.Re4 Nd4 25.Be3 Nf5 26.Rb5 Nxe3 27.Rxe3 Rc7 28.g3 Ra8 29.Kg2 Kf8
30.b3 Ra1 31.Re2 g5 32.Rd2 h5 33.h3 Kg7 34.Bd3 h4 35.gxh4 gxh4 36.Bf5 Be5
37.Rd3 Kf6 38.Rf3 Kg5 39.Bg4 Bf4 40.Rb4 f5 41.Bxf5 Kxf5 42.c5 Rxc5 43.Rbxf4+ Ke5
44.Rxh4 Kxd5 45.Rh5+ Kd4 46.Rh4+ Kd5 47.Rh5+  1/2-1/2

[Event "19th Czech Oce Open"]
[Site "Pardubice CZE"]
[Date "2008.07.12"]
[Round "5"]
[White "Sodoma,J"]
[Black "Potapov,P"]
[Result "1-0"]
[WhiteElo "2379"]
[BlackElo "2418"]

1.e4 c5 2.Nc3 Nc6 3.Bb5 Nd4 4.Bc4 g6 5.Nf3 Bg7 6.Nxd4 cxd4 7.Qf3 f5 8.Ne2 e6
9.exf5 gxf5 10.Qh5+ Kf8 11.d3 d5 12.Bb3 a5 13.a4 Ra6 14.Bg5 Ne7 15.O-O Qe8
16.Qh3 Ng6 17.Bh6 Kf7 18.Bxg7 Kxg7 19.Nxd4 f4 20.Rae1 Rf8 21.Bxd5 e5 22.Qf3 Qxa4
23.Nb3 Qb4 24.c3 Qe7 25.d4 h5 26.Nd2 Bg4 27.Qd3 Rd6 28.Bf3 Bf5 29.Be4 f3
30.Nxf3 Nf4 31.Qe3 Rg6 32.Nxe5 Nh3+ 33.Kh1 Bxe4 34.Nxg6  1-0

[Event "Inautomarket Open"]
[Site "Minsk BLR"]
[Date "2008.07.13"]
[Round "4"]
[White "Solovjov,S"]
[Black "Fedorov,Alex"]
[Result "0-1"]
[WhiteElo "2434"]
[BlackElo "2560"]

1.e4 c5 2.Ne2 Nc6 3.Nbc3 d6 4.d4 cxd4 5.Nxd4 e5 6.Ndb5 a6 7.Na3 Be7 8.Nc4 b5
9.Ne3 Nf6 10.g3 O-O 11.Bg2 b4 12.Ncd5 Nxd5 13.Nxd5 Bg5 14.O-O Bxc1 15.Rxc1 Be6
16.c3 bxc3 17.bxc3 Qa5 18.Qe2 Bxd5 19.exd5 Nb8 20.Qc4 Rd8 21.Qb4 Qc7 22.Qa4 Nd7
23.Qc6 Ra7 24.Rb1 g6 25.Rfc1 Kf8 26.a4 Ke7 27.Bf1 a5 28.Rb5 Rc8 29.Qxc7 Rcxc7
30.Rbb1 Nf6 31.c4 Nd7 32.Rb5 Nc5 33.f3 Rcb7 34.Ra1 Kd7 35.Ra3 Kc7 36.Kf2 Rxb5
37.cxb5 Kb6 38.Ke3 Rc7 39.g4 Nd7 40.f4 Nf6 41.Kf3 Nxd5 42.fxe5 dxe5 43.Rd3 Rc3
44.g5 f5 45.gxf6 Rxd3+ 46.Bxd3 Nxf6 47.h4 Kc5 48.Bc2 Nd7 49.Kg4 Nf6+ 50.Kg5 Nd5
51.Kh6 Ne3 52.Be4 Nf5+ 53.Kxh7 Nxh4 54.Kh6 Nf5+ 55.Kxg6 Ng3  0-1

[Event "1st IRT 54th Aniv Martelli"]
[Site "Villa Martelli ARG"]
[Date "2008.07.13"]
[Round "6"]
[White "Crespo,E"]
[Black "Bernal,G"]
[Result "1/2-1/2"]
[WhiteElo "2057"]
[BlackElo "2105"]

1.e4 c5 2.Nf3 Nc6 3.Nc3 Nd4 4.Bc4 e6 5.d3 Ne7 6.Nxd4 cxd4 7.Ne2 Nc6 8.c3 dxc3
9.Nxc3 Bc5 10.O-O a6 11.Be3 Bd4 12.Bxd4 Nxd4 13.Qg4 O-O 14.e5  1/2-1/2

[Event "1st ITT 54th Aniv Martelli"]
[Site "Villa Martelli ARG"]
[Date "2008.07.13"]
[Round "7"]
[White "Aguilar,A"]
[Black "Iermito,S"]
[Result "0-1"]
[WhiteElo "2252"]
[BlackElo "2385"]

1.e4 c5 2.Nf3 Nc6 3.Nc3 e5 4.Bc4 Be7 5.d3 d6 6.Nd2 Bg5 7.h4 Bh6 8.Qh5 g6
9.Qd1 Nf6 10.h5 Rg8 11.Nf1 Bxc1 12.Rxc1 Nxh5 13.Rxh5 gxh5 14.Qxh5 Rg7 15.Ne3 Kf8
16.Qh6 Kg8 17.Kd2 Rg6 18.Qh2 Be6 19.Rh1 h6 20.Ncd5 Qg5 21.c3 Nd4 22.Kd1 b5
23.cxd4 bxc4 24.dxe5 dxe5 25.dxc4 Rb8 26.Kc2 Bxd5 27.Nxd5 Ra6 28.a3 Rxb2+
29.Kxb2 Qd2+ 30.Kb3 Qd3+ 31.Kb2 Qxa3+ 32.Kc2 Qa2+ 33.Kd3 Qb3+ 34.Nc3 Rd6+
35.Ke2 Qc2+ 36.Kf3 Qxc3+ 37.Kg4 Rg6+ 38.Kh4 Qd2 39.Qxe5 Qxf2+ 40.g3 Qf3  0-1

[Event "XIII Open"]
[Site "Balaguer ESP"]
[Date "2008.07.14"]
[Round "1"]
[White "Sengupta,D"]
[Black "Montoliu Daroca,I"]
[Result "1-0"]
[WhiteElo "2454"]
[BlackElo "1897"]

1.e4 c5 2.Nc3 Nc6 3.Bb5 e6 4.Bxc6 bxc6 5.d3 g6 6.f4 d5 7.Nf3 Nf6 8.O-O Bg7
9.Qe1 O-O 10.Qf2 Nd7 11.Bd2 Ba6 12.Rfe1 c4 13.d4 Rb8 14.Rab1 Qc7 15.e5 Rfe8
16.g4 f5 17.exf6 Bxf6 18.Ne2 c5 19.c3 cxd4 20.cxd4 Nb6 21.Nc3 Qd8 22.Re2 Rb7
23.Rf1 Nc8 24.f5 exf5 25.gxf5 gxf5 26.Rxe8+ Qxe8 27.Nxd5 Qd8 28.Nxf6+ Qxf6
29.Bc3 Nb6 30.d5 Qd6 31.Nh4 f4 32.Qg2+ Kf8 33.Nf5 Qg6 34.Bb4+ Kg8 35.d6 Qxg2+
36.Kxg2 Rd7 37.Ne7+ Kg7 38.Rxf4 Bb7+ 39.Kg3 Nc8 40.Bc3+ Kh6 41.Rf6+ Kg5 42.h4+ Kh5
43.Bd2 Rxd6 44.Rf5+  1-0

[Event "XIII Open"]
[Site "Balaguer ESP"]
[Date "2008.07.14"]
[Round "1"]
[White "Aroshidze,L"]
[Black "Lazaro Porta,A"]
[Result "1-0"]
[WhiteElo "2547"]
[BlackElo "1999"]

1.e4 c5 2.Nf3 Nc6 3.Nc3 g6 4.d4 cxd4 5.Nxd4 Bg7 6.Be3 Qa5 7.Qd2 Nf6 8.f3 O-O
9.O-O-O a6 10.Kb1 b5 11.Nxc6 dxc6 12.Nd5 Nxd5 13.Qxa5 Nxe3 14.Re1 Nxf1 15.Rhxf1 Be6
16.Rd1 c5 17.Rf2 Bh6 18.Qc7 Rfc8 19.Qxe7 c4 20.Qh4 Be3 21.Re2 g5 22.Qh6 Rd8
23.Rh1 Bf4 24.g3 Rd2 25.gxf4 Rxe2 26.Rg1 g4 27.f5 Kh8 28.Qf6+ Kg8 29.fxe6  1-0

[Event "ch-SUI"]
[Site "Samnaun SUI"]
[Date "2008.07.14"]
[Round "5"]
[White "Landenbergue,C"]
[Black "Carron,J"]
[Result "1/2-1/2"]
[WhiteElo "2435"]
[BlackElo "2401"]

1.e4 c5 2.Nf3 Nc6 3.Nc3 e5 4.Bc4 Be7 5.d3 d6 6.Nd2 Bg5 7.Nf1 Bxc1 8.Rxc1 Nge7
9.Ne3 Be6 10.O-O Qd7 11.a3 O-O 12.Ncd5  1/2-1/2

[Event "I Open"]
[Site "Sabadell ESP"]
[Date "2008.07.15"]
[Round "3"]
[White "Perpinya Rofes,L"]
[Black "Alsina Leal,D"]
[Result "1-0"]
[WhiteElo "2385"]
[BlackElo "2517"]

1.e4 c5 2.Nc3 Nc6 3.Nge2 e5 4.Nd5 d6 5.Nec3 g6 6.Nb5 Rb8 7.Nbc7+ Kd7 8.Qf3 f5
9.exf5 Nd4 10.Qg4 Qxc7 11.Nxc7 Nxc2+ 12.Kd1 Kxc7 13.Qc4 Nd4 14.b4 Bxf5 15.bxc5 dxc5
16.Bb2 Bd6 17.Bxd4 exd4 18.Bd3 Bd7 19.Rc1 Ne7 20.Qxd4 b6 21.Re1 Nc6 22.Qh4 Rbf8
23.f3 Rf4 24.Qh6 Rd4 25.Qg7 Rd8 26.Be4 Kb8 27.Re2 Nb4 28.a3 Nd3 29.Bxd3 Rxd3
30.Rc3 Rd4 31.Re4 Ba4+ 32.Ke1 Rxd2 33.Rxa4 Bc7 34.Rxa7 Rd1+ 35.Ke2 R1d2+
36.Ke3 R2d7 37.Rxc7 Re8+ 38.Kf2  1-0

[Event "1st IRT 54th Aniv Martelli"]
[Site "Villa Martelli ARG"]
[Date "2008.07.15"]
[Round "8"]
[White "Espinoza Palomino,W"]
[Black "Pradines,E"]
[Result "1-0"]
[WhiteElo "2130"]
[BlackElo "1911"]

1.e4 c5 2.Nf3 Nc6 3.Nc3 g6 4.d4 cxd4 5.Nxd4 Bg7 6.Be3 Nf6 7.Bc4 Qa5 8.f3 Qb4
9.Bb3 Nxe4 10.Nxc6 Bxc3+ 11.bxc3 Qxc3+ 12.Ke2 Qxc6 13.fxe4 Qxe4 14.Kf2 Qf5+
15.Qf3 Qxf3+ 16.Kxf3 d6 17.Rab1 b6 18.Bd5 Rb8 19.Bd4 e5 20.Bb2 Bb7 21.Rhd1 Ke7
22.Ba3 Rhd8 23.Rb3 Ba6 24.Bb4 Bb7 25.Rbd3 f5 26.Bxb7 Rxb7 27.Bxd6+ Ke6 28.Ke3 Rc8
29.R1d2 Rc4 30.Rd5 Re4+ 31.Kf2 Rd7 32.R5d3 Rf4+ 33.Kg1 Ra4 34.Bf8 Rxd3 35.cxd3 Kd5
36.Kf2 h5 37.Be7 Rf4+ 38.Ke2 Ra4 39.Rc2 Rg4 40.Ke3 Ke6 41.Bf8 Kd5 42.Bg7 h4
43.Re2 e4 44.dxe4+ Rxe4+ 45.Kd3 Ra4 46.Bf8 Rd4+ 47.Ke3 Re4+ 48.Kf3 Ra4 49.Be7 Rc4
50.a3 Rd4 51.Bf6 Ra4 52.Re3 Rc4 53.Bb2 Rc2 54.Re2 Rc4 55.Bf6 Ra4 56.Re3 Kd6
57.Rb3 Kd5 58.Bb2 Kc4 59.Rc3+ Kd5 60.Rd3+ Kc5 61.Rd7 g5 62.Rf7 Rf4+ 63.Ke2 a5
64.Bc1 Re4+ 65.Be3+ Kc4 66.Rxf5 Kb3 67.Kf3 Ra4 68.Rxg5 Rxa3 69.Bxb6 a4 70.Bc5 Kc4+
71.Bxa3  1-0

[Event "Inautomarket Open"]
[Site "Minsk BLR"]
[Date "2008.07.16"]
[Round "7"]
[White "Ulko,J"]
[Black "Novikov,St1"]
[Result "1/2-1/2"]
[WhiteElo "2470"]
[BlackElo "2535"]

1.e4 c5 2.Nf3 Nc6 3.Nc3 d6 4.d4 cxd4 5.Nxd4 e5 6.Nf5 Nf6 7.Bc4 Be6 8.Bb3 Nxe4
9.Bxe6 Nxc3 10.Bxf7+ Kxf7 11.bxc3 Qf6 12.Ne3 Be7 13.Rb1 Rab8 14.Nd5 Qe6 15.O-O Rhf8
16.Ba3 Bd8 17.Qf3+ Kg8 18.Qe4 b6 19.f4 Ne7 20.c4 Rf7 21.fxe5 Qxe5 22.Qd3 Nxd5
23.Rxf7 Kxf7 24.cxd5 Bf6 25.Bb2 Qg5 26.Bxf6 gxf6  1/2-1/2

[Event "19th Czech Infinity Open"]
[Site "Pardubice CZE"]
[Date "2008.07.16"]
[Round "7"]
[White "Shishkin,Vl"]
[Black "Klima,L"]
[Result "0-1"]
[WhiteElo "2189"]
[BlackElo "2439"]

1.e4 c5 2.Nc3 Nc6 3.Bb5 Nd4 4.Bc4 e6 5.Nf3 Nxf3+ 6.Qxf3 Ne7 7.O-O Nc6 8.d3 a6
9.a3 b5 10.Ba2 Bb7 11.Ne2 Be7 12.Qg3 g6 13.c3 d6 14.f4 Qd7 15.f5 gxf5 16.exf5 exf5
17.Nf4 Ne5 18.Nd5 c4 19.Qg7 Rf8 20.Nxe7 Qxe7 21.Qxh7 Nxd3 22.Qxf5 Qe2 23.Qg5 Kd7
24.Qg3 Rg8 25.Bg5 Qxg2+ 26.Qxg2 Bxg2 27.Kxg2 Rxg5+ 28.Kf3 Rh8 29.b3 Rh3+  0-1

[Event "I Open"]
[Site "Sabadell ESP"]
[Date "2008.07.16"]
[Round "4"]
[White "Manole,V"]
[Black "Jankovic,A"]
[Result "0-1"]
[WhiteElo "2378"]
[BlackElo "2532"]

1.e4 c5 2.Nc3 Nc6 3.Bb5 Nd4 4.Bc4 e6 5.Nge2 Nf6 6.O-O a6 7.d3 b5 8.Bb3 Nxb3
9.axb3 Bb7 10.Bg5 h6 11.Bh4 g5 12.Bg3 h5 13.e5 b4 14.exf6 bxc3 15.Be5 cxb2
16.Bxb2 h4 17.f3 d6 18.Qd2 e5 19.Qxg5 Rh6 20.Ra4 h3 21.Ng3 hxg2 22.Kxg2 Qxf6
23.Qxf6 Rxf6 24.Rg4 Rh6 25.Bc1 Rh8 26.Re1 Be7 27.Bd2 Bc6 28.Ra1 Bd7 29.Re4 f5
30.Re2 Kf7 31.f4 Bf6 32.Rf1 e4 33.dxe4 fxe4 34.Nxe4 Bc6 35.Kg1 Bd4+ 36.Rff2 Bxe4
37.Rxe4 Bxf2+ 38.Kxf2 Rxh2+ 39.Ke3 Rah8 40.Kd3 R8h3+ 41.Re3 Rxe3+ 42.Bxe3 Ke6
43.c4 Kf5  0-1

[Event "Ch-AY Boys U18"]
[Site "Tehran IRI"]
[Date "2008.07.16"]
[Round "1"]
[White "Djuraev,S"]
[Black "Otchiyev,A"]
[Result "1-0"]
[WhiteElo "2324"]
[BlackElo "2225"]

1.e4 c5 2.Ne2 Nc6 3.Nbc3 d6 4.d4 cxd4 5.Nxd4 Nf6 6.Bg5 Bd7 7.Qd2 Rc8 8.f4 h6
9.Bxf6 gxf6 10.Be2 Rg8 11.Bf3 Na5 12.b3 e6 13.Nde2 Qb6 14.Nd1 Qa6 15.Ne3 b5
16.O-O Qb6 17.Kh1 Nb7 18.f5 Kd8 19.Bh5 Rg7 20.Nf4 Qc5 21.Bxf7 e5 22.Ne6+ Bxe6
23.Bxe6 Rcc7 24.c4 Rg5 25.cxb5 Qxb5 26.a4 Qc6 27.Rac1 Nc5 28.Bd5 Nxe4 29.Bxe4 Qxe4
30.Qa5 Rg7 31.Rxc7 Rxc7 32.Rc1 Qxe3 33.Qxc7+ Ke8 34.Qc8+ Kf7  1-0

[Event "Inautomarket Open"]
[Site "Minsk BLR"]
[Date "2008.07.17"]
[Round "8"]
[White "Simonian,H"]
[Black "Levin,Ev"]
[Result "1-0"]
[WhiteElo "2452"]
[BlackElo "2488"]

1.e4 c5 2.Nc3 Nc6 3.Bb5 Nd4 4.Bc4 g6 5.Nf3 Bg7 6.Nxd4 cxd4 7.Qf3 Nh6 8.Ne2 O-O
9.d3 Ng4 10.Bb3 d6 11.Qg3 Bd7 12.O-O a5 13.a4 Qc8 14.f4 Kh8 15.h3 Ne3 16.Bxe3 dxe3
17.c3 Qc5 18.d4 Qb6 19.Bc4 f5 20.Qxe3 fxe4 21.Qxe4 e5 22.fxe5 dxe5 23.b3 Bf5
24.Qh4 Rad8 25.Rad1 Bc2 26.Rxf8+ Rxf8 27.Rf1 Rxf1+ 28.Kxf1 Bd1 29.Qe7 h5
30.dxe5 Bxe2+ 31.Kxe2 Kh7 32.Qd7 Qg1 33.Qd5 Qc1 34.e6 Bxc3 35.Qd7+ Kh6 36.e7 Qe1+
37.Kf3  1-0

[Event "19th Czech Chladek & Tintera A Open"]
[Site "Pardubice CZE"]
[Date "2008.07.18"]
[Round "1"]
[White "Teske,H"]
[Black "Chasovnikova,E"]
[Result "1-0"]
[WhiteElo "2504"]
[BlackElo "2284"]

1.e4 c5 2.Nc3 Nc6 3.Bb5 g6 4.Bxc6 bxc6 5.f4 c4 6.Nf3 d5 7.d3 cxd3 8.cxd3 Bg7
9.Qa4 Bd7 10.Ne5 Nf6 11.O-O O-O 12.Be3 Ng4 13.Nxg4 Bxg4 14.e5 Qd7 15.Rac1 h5
16.d4 f6 17.h3 Bf5 18.Ne2 Rab8 19.Qa3 Bh6 20.Qc3 h4 21.b3 Rbc8 22.Kh2 Rf7
23.Qe1 fxe5 24.dxe5 Bd3 25.Nd4 Rh7 26.Rg1 c5 27.Nf3 d4 28.Bd2 Qf5 29.Qxh4 Rf8
30.Rxc5 Qe4 31.Qg3 Rxf4 32.Re1 Qf5 33.e6 Rxf3 34.Bxh6 Rxh6 35.Qb8+ Qf8 36.Rc8 Rhxh3+
37.gxh3 Rf2+ 38.Kg1 Kg7 39.Rxf8 Rxf8 40.Qxa7  1-0

[Event "19th Czech Chladek & Tintera A Open"]
[Site "Pardubice CZE"]
[Date "2008.07.18"]
[Round "1"]
[White "Makka,I"]
[Black "Fedorovsky,M"]
[Result "0-1"]
[WhiteElo "2225"]
[BlackElo "2425"]

1.e4 c5 2.Nf3 Nc6 3.Nc3 g6 4.d4 cxd4 5.Nxd4 Bg7 6.Nb3 Nf6 7.Be2 O-O 8.O-O d6
9.Re1 a6 10.Bf1 b5 11.Nd5 Nxd5 12.exd5 Ne5 13.a4 b4 14.a5 Qc7 15.Ra4 Rb8
16.h3 Bd7 17.Ra2 Bb5 18.Re4 Bxf1 19.Kxf1 f5 20.Re2 f4 21.f3 Rb5 22.Re4 g5
23.Ra4 Rc8 24.Rexb4 Rxb4 25.Rxb4 Qxc2 26.Qxc2 Rxc2 27.Rb6 Nc4 28.Rxa6 Bxb2
29.Bxb2 Ne3+ 30.Kg1 Rxg2+ 31.Kh1 Rxb2 32.Nd4 Nxd5 33.Ra8+ Kf7 34.Nc6 Rd2
35.Ra7 h5 36.Rb7 Kf6 37.Rb8 Kf7 38.Ra8 g4 39.hxg4 hxg4 40.a6 gxf3 41.Rb8 Rd1+
42.Kh2 f2  0-1

[Event "19th Czech Jihlavanka B Open"]
[Site "Pardubice CZE"]
[Date "2008.07.18"]
[Round "1"]
[White "Biernath,T"]
[Black "Tolstikh,N"]
[Result "0-1"]
[WhiteElo "2037"]
[BlackElo "2381"]

1.e4 c5 2.Nf3 Nc6 3.Nc3 g6 4.d4 cxd4 5.Nxd4 Bg7 6.Be3 Nf6 7.Bc4 Qa5 8.O-O O-O
9.Bb3 d6 10.Qd2 Ng4 11.Nxc6 bxc6 12.Bg5 Ba6 13.Rfe1 Qc7 14.Qf4 Ne5 15.Re3 Bc4
16.Bxc4 Nxc4 17.Rh3 f6 18.Qh4 h5 19.Bc1 Qd7 20.Rg3 Qe8 21.f4 f5 22.b3 Nb6
23.Rb1 Bd4+ 24.Kf1 Bxc3 25.Rxc3 fxe4 26.Rg3 Kh7 27.c4 Rf5 28.Kg1 Qf7 29.Be3 Rf8
30.Rg5 Rxg5 31.Qxg5 d5 32.Rf1 Qf6 33.Qg3 d4 34.f5 gxf5 35.Bg5 Qg6 36.h4 Qe6
37.Bf4 Qg6 38.Bg5 Rf7 39.Qb8 Qd6 40.Qxa7 Nd7 41.Bf4 e5 42.Bg5 e3 43.Re1 f4
44.Qa8 d3 45.Qe8 Qf8  0-1

[Event "17th ch-MKD"]
[Site "Struga MKD"]
[Date "2008.07.18"]
[Round "5"]
[White "Popov,Ve"]
[Black "Menkinoski,R"]
[Result "0-1"]
[WhiteElo "2389"]
[BlackElo "2288"]

1.e4 c5 2.Ne2 Nc6 3.Nbc3 d6 4.g3 Bg4 5.Bg2 Nd4 6.h3 Bf3 7.O-O Qd7 8.Bxf3 Nxf3+
9.Kg2 Nd4 10.d3 g6 11.Nxd4 cxd4 12.Ne2 Bg7 13.c4 dxc3 14.Nxc3 Nf6 15.Bg5 O-O
16.Rc1 Rfc8 17.d4 h6 18.Be3 b5 19.e5 Ne8 20.f4 b4 21.Ne4 Rxc1 22.Bxc1 Rc8
23.Bd2 dxe5 24.dxe5 Qd5 25.Qf3 Rc2 26.Rf2 Rxb2 27.Be1 Rxa2 28.Bxb4 Rxf2+
29.Nxf2 Qxf3+ 30.Kxf3 e6 31.Ba5 f5 32.exf6 Nxf6 33.Nd3 Nd7 34.Ke4 Kf7 35.g4 Bf8
36.h4 Be7 37.Be1 Bd6 38.Bc3 Nf6+ 39.Kf3 h5 40.g5 Nd5 41.Be5 Ke7 42.Ke4 a5
43.Ba1 a4 44.f5 gxf5+ 45.Kf3 Kf7 46.Bd4 a3 47.Ba1 Ne7  0-1

[Event "2nd IRT 54th Aniv Martelli"]
[Site "Villa Martelli ARG"]
[Date "2008.07.18"]
[Round "2"]
[White "Franco,G"]
[Black "Bassan,R"]
[Result "0-1"]
[WhiteElo "2044"]
[BlackElo "2109"]

1.e4 c5 2.Nf3 Nc6 3.Nc3 Nf6 4.d4 cxd4 5.Nxd4 Qb6 6.Nb3 e6 7.Be3 Qc7 8.Bd3 a6
9.O-O b5 10.Re1 d6 11.h3 Be7 12.f4 Bb7 13.a3 O-O 14.Nd4 Nxd4 15.Bxd4 e5 16.Be3 Rad8
17.Nd5 Nxd5 18.exd5 Bxd5 19.Bxh7+ Kxh7 20.Qxd5 Qxc2 21.fxe5 dxe5 22.Qxe5 Bf6
23.Qh5+ Kg8 24.Re2 Rd1+ 25.Kf2 Qxe2+ 26.Qxe2 Rxa1 27.Qc2 a5 28.g4 Rh1 29.Kg2 Re1
30.Qf2 Bh4 31.Qxh4 Rxe3 32.Kf1 Rb3 33.Qe1 Rxb2 34.Qxa5 Rc8 35.Qe1 Rcc2 36.g5 Rh2
37.Qe8+ Kh7 38.Qe4+ g6 39.Qh4+ Kg8 40.Kg1 Rbg2+ 41.Kf1 Ra2 42.Kg1 Rhg2+ 43.Kf1 Rh2
44.Kg1 Rhc2 45.Qe1 Rg2+ 46.Kh1 Rh2+ 47.Kg1 Rag2+  0-1

[Event "Politiken Cup"]
[Site "Helsingor DEN"]
[Date "2008.07.19"]
[Round "1"]
[White "Jensen,Ha"]
[Black "Peschardt,S"]
[Result "0-1"]
[WhiteElo "1630"]
[BlackElo "2137"]

1.e4 c5 2.Nc3 Nc6 3.Bb5 e6 4.Bxc6 bxc6 5.f4 d5 6.d3 Ne7 7.Nf3 Ng6 8.O-O Be7
9.Bd2 O-O 10.Ne2 Ba6 11.b3 Qc7 12.c4 Rad8 13.Qc2 Bd6 14.e5 Be7 15.Rac1 f6
16.d4 dxc4 17.bxc4 cxd4 18.Nexd4 Bc5 19.Bb4 Bxb4 20.Nxe6 Qe7 21.Nxf8 Rxf8
22.exf6 Qxf6 23.Kh1 Bc5 24.Ng5 Be3 25.Rce1 Bxf4 26.h4 Bc8 27.g3 Bf5 28.Ne4 Qe7
29.gxf4 Kh8 30.Qe2 Bh3 31.Rf3 Bg4 32.Ng5 Qxe2 33.Rxe2 h6 34.h5 hxg5 35.hxg6 Bxf3+
36.Kg1 Bxe2  0-1

[Event "19th Czech Chladek & Tintera A Open"]
[Site "Pardubice CZE"]
[Date "2008.07.19"]
[Round "2"]
[White "Siebarth,R"]
[Black "Bykhovsky,An ISR"]
[Result "1/2-1/2"]
[WhiteElo "2284"]
[BlackElo "2426"]

1.Nc3 c5 2.e4 Nc6 3.Bb5 Nd4 4.Bc4 e6 5.Nge2 Nf6 6.O-O a6 7.a4 Nc6 8.Qe1 Be7
9.d3 d5 10.Bb3 O-O 11.Bg5 Nd4 12.Nxd4 cxd4 13.Nd1 dxe4 14.dxe4 h6 15.Bd2 Nd7
16.Qe2 Nc5 17.Bc4 Bd7 18.a5 b5 19.axb6 Qxb6 20.b4 Na4 21.Bb3 Bb5 22.Qg4 Bxf1
23.Kxf1 Nc3 24.Nxc3 dxc3 25.Bxc3 e5 26.Kg1 Bd6 27.g3 Kh8 28.Qh5 Rac8 29.Qe2 Bxb4
30.Rxa6 Qc5 31.Bb2 Rcd8 32.Bd5 f6 33.c3 Ba5 34.Rc6 Qe7 35.Re6 Qd7 36.Ba3  1/2-1/2